The long tail : why the future of business is selling less of more (Chinese Edition) / (Record no. 591781)
[ view plain ]
| 000 -LEADER | |
|---|---|
| fixed length control field | 00446nam a22001337a 4500 |
| 020 ## - INTERNATIONAL STANDARD BOOK NUMBER | |
| International Standard Book Number | 9787508652191 |
| 082 ## - DEWEY DECIMAL CLASSIFICATION NUMBER | |
| Classification number | 658.802 |
| Author Mark | AND |
| 100 ## - MAIN ENTRY--PERSONAL NAME | |
| Personal name | Anderson, Chris, |
| 245 ## - TITLE STATEMENT | |
| Title | The long tail : why the future of business is selling less of more (Chinese Edition) / |
| Statement of responsibility, etc. | Chris Anderson ; Translated by Ypie Veenstra |
| 260 ## - PUBLICATION, DISTRIBUTION, ETC. | |
| Place of publication, distribution, etc. | China : |
| Name of publisher, distributor, etc. | CITIC press, |
| Date of publication, distribution, etc. | 2016. |
| 300 ## - PHYSICAL DESCRIPTION | |
| Extent | 294 p. ; |
| Dimensions | 22 cm. |
| 880 ## - ALTERNATE GRAPHIC REPRESENTATION | |
| Linkage | 245-02\r |
| Title | 长尾巴: |
| 942 ## - ADDED ENTRY ELEMENTS (KOHA) | |
| Source of classification or shelving scheme | |
| Koha item type | Book |
| Withdrawn status | Lost status | Source of classification or shelving scheme | Damaged status | Not for loan | Permanent Location | Current Location | Shelving location | Date acquired | Source of acquisition | Total Checkouts | Full call number | Barcode | Date last seen | Price effective from | Koha item type |
|---|---|---|---|---|---|---|---|---|---|---|---|---|---|---|---|
| Central Library (CL) | Central Library (CL) | Chinese Studies | 10/13/2022 | Donated by China Embassy | 658.802 AND | CL-D-1932 | 10/13/2022 | 10/13/2022 | Book |
